Statistics for Most Famous People by First Name #9

Click here to take the quiz!

General Stats

  • This quiz has been taken 45 times
    (22 since last reset)
  • The average score is 10 of 60

Answer Stats

Answer% Correct
Franklin
81%
I
56%
Nadal
56%
the Red
56%
Cash
50%
Depp
50%
DeVito
50%
Cobain
44%
Peck
44%
Harvey Oswald
38%
IV
38%
Palin
38%
Gutenberg
31%
Vettel
31%
Jessica Parker
25%
Jonas
25%
O'Neill
25%
XIII
25%
Brahms
19%
Graham
19%
Joel
19%
Trotsky
19%
Boyle
13%
Cooper
13%
Marvin
13%
Nedvěd
13%
Netanyahu
13%
Wilder
13%
Gödel
6%
Harrison
6%
Heidfeld
6%
Moss
6%
Nolte
6%
of Austria
6%
Orbison
6%
Shue
6%
van der Vaart
6%
Waldheim
6%
Axel Karlfeldt
0%
Bernhardt
0%
Cherenkov
0%
Correa
0%
Durov
0%
Foucault
0%
Hallyday
0%
J. Glauber
0%
J. Thompson
0%
Kepler
0%
K. Rowling
0%
Kurz
0%
Lichtenstein
0%
Masopust
0%
Mengele
0%
Piñera
0%
R. R. Tolkien
0%
Satie
0%
Stefan
0%
Van Cleef
0%
Welbeck
0%
Wigner
0%

Score Distribution

Percentile by Number Answered

Percent of People with Each Score

Your Score History

You have not taken this quiz since the last reset